Central Library OPAC University of Rajshahi

Elementary chemical thermodynamics / (Record no. 10874)

MARC details
000 -LEADER
fixed length control field 00690nam a22002411 4500
001 - CONTROL NUMBER
control field 10874
003 - CONTROL NUMBER IDENTIFIER
rucl marc code BD-RjUL
005 - DATE AND TIME OF LATEST TRANSACTION
control field 20211208235031.0
008 - FIXED-LENGTH DATA ELEMENTS--GENERAL INFORMATION
fixed length control field 140125s1963 nyua 000 0 eng
035 ## - SYSTEM CONTROL NUMBER
System control number (BD-RjUL)10923
040 ## - CATALOGING SOURCE
Original cataloging agency DLC
Transcribing agency DLC
Modifying agency BD-RjUL
Language of cataloging eng
041 ## - LANGUAGE CODE
Language code of text/sound track or separate title eng
082 00 - DEWEY DECIMAL CLASSIFICATION NUMBER
Classification number 541.369
Author mark and year MAE 1964
Edition number 23
100 1# - MAIN ENTRY--PERSONAL NAME
Personal name Mahan, Bruce H.
9 (RLIN) 29890
245 00 - TITLE STATEMENT
Title Elementary chemical thermodynamics /
Statement of responsibility, etc. Bruce H. Mahan
260 ## - PUBLICATION, DISTRIBUTION, ETC. (IMPRINT)
Place of publication, distribution, etc. New York,
Name of publisher, distributor, etc. W. A. Benjamin,
Date of publication, distribution, etc. 1964.
300 ## - PHYSICAL DESCRIPTION
Pagination 155 p. :
Illustrations ill. ;
Size 22 cm.
490 0# - SERIES STATEMENT
Series statement The General chemistry monograph series
650 #0 - SUBJECT ADDED ENTRY--TOPICAL TERM
Topical term or geographic name as entry element Thermodynamics.
9 (RLIN) 33619
942 ## - ADDED ENTRY ELEMENTS (KOHA)
Source of classification or shelving scheme Dewey Decimal Classification
Koha item type Books
Holdings
Lost status Source of classification or shelving scheme Damaged status Not for loan Collection code Permanent Location Current Location Shelving location Date acquired Source of acquisition Cost, normal purchase price Total Checkouts Full call number Date last seen Copy number Koha item type
  Dewey Decimal Classification     Non-fiction Central Library, University of Rajshahi Central Library, University of Rajshahi   16/05/1983 Heffers 8.00   541.369 MAE 1964 25/01/2014 C-16 Books
  Dewey Decimal Classification     Non-fiction Central Library, University of Rajshahi Central Library, University of Rajshahi   02/09/1972 Aligor library, Rajshahi 30.02   541.369 MAE 1964 29/10/2016 C-2 Books
  Dewey Decimal Classification   Not For Loan Non-fiction Central Library, University of Rajshahi Central Library, University of Rajshahi Reading Room 13/06/1967 Director Seminer     541.369 MAE 1964 13/05/2017 C-1 Books
  Dewey Decimal Classification     Non-fiction Central Library, University of Rajshahi Central Library, University of Rajshahi   02/09/1972 Aligarla, Library 30.02   541.369 MAE 1964 13/05/2017 C-3 Books
  Dewey Decimal Classification     Non-fiction Central Library, University of Rajshahi Central Library, University of Rajshahi   16/05/1983 Heffers 8.00   541.369 MAE 1964 16/05/2017 C-4 Books
  Dewey Decimal Classification     Non-fiction Central Library, University of Rajshahi Central Library, University of Rajshahi   16/05/1983 Heffers 8.00   541.369 MAE 1964 16/05/2017 C-5 Books
  Dewey Decimal Classification     Non-fiction Central Library, University of Rajshahi Central Library, University of Rajshahi   16/05/1983 Heffers 8.00   541.369 MAE 1964 16/05/2017 C-6 Books
  Dewey Decimal Classification     Non-fiction Central Library, University of Rajshahi Central Library, University of Rajshahi   16/05/1983 Heffers 8.00   541.369 MAE 1964 16/05/2017 C-7 Books
  Dewey Decimal Classification     Non-fiction Central Library, University of Rajshahi Central Library, University of Rajshahi   16/05/1983 Heffers 8.00   541.369 MAE 1964 16/05/2017 C-8 Books
  Dewey Decimal Classification     Non-fiction Central Library, University of Rajshahi Central Library, University of Rajshahi   16/05/1983 Heffers 8.00   541.369 MAE 1964 16/05/2017 C-9 Books